The generative lexicon
Αποθηκεύτηκε σε:
| Κύριος συγγραφέας: | |
|---|---|
| Μορφή: | Βιβλίο |
| Γλώσσα: | English |
| Δημοσίευση: |
Cambridge, Massachusetts :
MIT Press,
1996
|
| Θέματα: | |
| Ετικέτες: |
Προσθήκη ετικέτας
Δεν υπάρχουν, Καταχωρήστε ετικέτα πρώτοι!
|
MARC
| LEADER | 00000nam a2200000 i 4500 | ||
|---|---|---|---|
| 001 | 1/26210 | ||
| 008 | 020809s1996 eng d | ||
| 020 | |a 0-262-16158-3 | ||
| 035 | |l 10068210 | ||
| 040 | |a GR-MY-UA |b gre |e aacr | ||
| 041 | 0 | |a eng | |
| 082 | 0 | |a 401.43 | |
| 100 | 1 | |a Pustejovsky, J. |q (James) | |
| 245 | 1 | 4 | |a The generative lexicon / |c James Pustejovsky |
| 260 | |a Cambridge, Massachusetts : |b MIT Press, |c 1996 | ||
| 300 | |a 298 p. | ||
| 650 | 0 | 0 | |a Semantics. |
| 650 | 0 | 0 | |a Generative grammar. |
| 650 | 0 | 0 | |a Computational linguistics. |
| 852 | |a INST |b RHODES |e 20020809 |h 401.43 PUS |p 005400016302 |q 005400016302 |t BK |y 0 | ||
| 901 | |a BIBL4-2002-2 | ||
| 909 | |a Ρ |b 102341 | ||
| 922 | |a 4ΕΛΗ |b 200206 |c ΚΠΣ/124 | ||
| 970 | |a ΚΟΥΛΑΚΙΟΤΗ |b ΛΙΤΣΑ |z 2002/08/21 | ||